Doctrinas esenciales. Derecho civil. Contratos

Uloženo v:
Podrobná bibliografie
Hlavní autor: Tavolari Oliveros, Raúl (Autor)
Médium: Kniha
Jazyk:španělština
Vydáno: Santiago PUNTOLEX 2010
Santiago Jurídica de Chile 2010
Vydání:1a. ed
Edice:Revista de Derecho y Jurisprudencia. Edición Bicentenario
Témata:
Tagy: Přidat tag
Žádné tagy, Buďte první, kdo vytvoří štítek k tomuto záznamu!

MARC

LEADER 00000cam a2200000 a 4500
001 UCG2692
003 CL-VaPUC
008 100723e20100000cl |||||||||||||||||spa|d
020 |a 9789563370065t.1 
020 |a 9789563370072t.2 
082 0 4 |a 346.83  |b TAV  |2 21 
100 0 |a Tavolari Oliveros, Raúl  |e author  |9 520639 
245 1 0 |a Doctrinas esenciales. Derecho civil. Contratos 
246 1 0 |a Contratos 
250 |a 1a. ed 
300 |a 2 t 
942 |c BK 
945 |d 20100723 00:00:00  |a cmena 
260 |a Santiago  |b PUNTOLEX  |c 2010 
260 |a Santiago  |b Jurídica de Chile  |c 2010 
650 7 |a RESPONSABILIDAD CIVIL  |2 CL-VaPUC  |9 551231 
650 0 |a Derecho civil  |9 255013 
650 0 |a Contratos  |9 255153 
650 0 |a Responsabilidad contractual  |9 256720 
650 0 |a Responsabilidad extracontractual  |9 336742 
583 |a last modification  |c 20140813 02:06:52  |k Rodrigo Vera 
490 0 |a Revista de Derecho y Jurisprudencia. Edición Bicentenario 
999 |c 341822  |d 341820 
952 |0 0  |1 0  |4 0  |6 346_830000000000000_TAV_2010_2010  |7 0  |8 A  |9 437588  |a BIBDER  |b BIBDER  |d 2019-11-22  |h t.1  |i 4669061  |l 4  |o 346.83 TAV 2010 2010  |p 4669061  |r 2023-11-03  |s 2023-09-25  |w 2019-11-22  |y BK  |k DER 
952 |0 0  |1 0  |4 0  |6 346_830000000000000_TAV_2010_2010  |7 0  |8 A  |9 437589  |a BIBDER  |b BIBDER  |d 2019-11-22  |h t.2  |i 466907K  |l 2  |o 346.83 TAV 2010 2010  |p 466907K  |r 2023-06-01  |s 2023-06-01  |w 2019-11-22  |y BK  |k DER